000 00345nam a2200145Ia 4500
008 230917s9999||||xx |||||||||||||| ||und||
040 _e139021
_aMAIN
041 _aEnglish
082 _a823.7 D555D
100 _aDickens, Charles
245 0 _aDavid Copperfield
260 _aEngland
_bPenguin Books
_c1972
300 _a956 p.
942 _cBK
999 _c140905
_d140905